[Event "WchT Seniors 50"]
[Site "Krakow"]
[Date "2024.07.11"]
[Round "9.1"]
[White "Lalic, Susan"]
[Black "Rogowski, Jaroslaw"]
[Result "1/2-1/2"]
[WhiteElo "2229"]
[BlackElo "2149"]
[PlyCount "140"]
[EventDate "2024.07.02"]
[EventType "team-swiss"]
[EventRounds "9"]
[EventCountry "POL"]
[SourceTitle "CBM 221 Extra"]
[Source "ChessBase"]
[SourceDate "2024.09.30"]
[SourceVersion "1"]
[SourceVersionDate "2024.09.30"]
[SourceQuality "1"]
[WhiteTeam "England 50 (W)"]
[BlackTeam "Poland Caissa 50"]
[WhiteTeamCountry "ENG"]
[BlackTeamCountry "POL"]

1. e4 c5 2. Nf3 e6 3. c3 Nf6 4. e5 Nd5 5. d4 cxd4 6. cxd4 Nc6 7. a3 d6 8. Bd3 Qc7 9. 0-0 Bd7 10. Re1 dxe5 11. dxe5 g6 12. Bd2 Bg7 13. Nc3 0-0 14. Rc1 Nxc3 15. Bxc3 Qb6 16. Qe2 Rfd8 17. Qe4 Be8 18. Bb1 Rac8 19. Qh4 Rd5 20. Ba2 Rd3 21. Ng5 h5 22. Nxe6 Bh6 23. Nf4 Qd8 24. Qxd8 Rdxd8 25. g3 Bxf4 26. gxf4 Nd4 27. Bxd4 Rxc1 28. Rxc1 Rxd4 29. e6 fxe6 30. Bxe6+ Kg7 31. Rc7+ Kf6 32. Bb3 Rd2 33. Rxb7 Rxb2 34. Bd5 Rxb7 35. Bxb7 Kf5 36. Kg2 Kxf4 37. Bd5 g5 38. Be6 Bc6+ 39. Kf1 Bb5+ 40. Kg2 Bc6+ 41. Kf1 Bf3 42. Ke1 Ke5 43. Bf7 Kd4 44. Kd2 h4 45. Be6 Ke5 46. Bd7 Kf4 47. Ke1 Bd5 48. Ke2 Bc4+ 49. Ke1 Ba6 50. Bc6 Bd3 51. Bg2 Be4 52. Bh3 Kf3 53. Kf1 Bd3+ 54. Kg1 Be2 55. Bg2+ Kf4 56. Bc6 h3 57. Bd7 g4 58. Bc6 a5 59. Bd7 Ke4 60. Bc6+ Kd4 61. Bd7 Kc3 62. f4 gxf3 63. Bxh3 Kb3 64. Be6+ Kxa3 65. h4 Kb4 66. Kf2 Kc5 67. h5 Kd6 68. h6 Bd3 69. Bg8 Ke5 70. Kxf3 Kf6 1/2-1/2

[Event "WchT Seniors 50"]
[Site "Krakow"]
[Date "2024.07.09"]
[Round "7.1"]
[White "Lalic, Susan"]
[Black "Buckley, Graeme N"]
[Result "1/2-1/2"]
[WhiteElo "2229"]
[BlackElo "2311"]
[PlyCount "24"]
[EventDate "2024.07.02"]
[EventType "team-swiss"]
[EventRounds "9"]
[EventCountry "POL"]
[SourceTitle "CBM 221 Extra"]
[Source "ChessBase"]
[SourceDate "2024.09.30"]
[SourceVersion "1"]
[SourceVersionDate "2024.09.30"]
[SourceQuality "1"]
[WhiteTeam "England 50 (W)"]
[BlackTeam "England 50 II"]
[WhiteTeamCountry "ENG"]
[BlackTeamCountry "ENG"]

1. d4 Nf6 2. c4 g6 3. Nc3 Bg7 4. e4 d6 5. Be2 0-0 6. Be3 e5 7. dxe5 dxe5 8. Nf3 Qe7 9. Nd5 Nxd5 10. cxd5 c6 11. 0-0 cxd5 12. Qxd5 Be6 1/2-1/2

[Event "Guildford Spring op"]
[Site "Guildford"]
[Date "2024.04.13"]
[Round "3"]
[White "Lalic, Susan"]
[Black "Kueh, Audrey"]
[Result "1/2-1/2"]
[WhiteElo "2237"]
[BlackElo "2059"]
[PlyCount "52"]
[EventDate "2024.04.12"]
[EventType "swiss"]
[EventRounds "5"]
[EventCountry "ENG"]
[SourceTitle "CBM 219 Extra"]
[Source "ChessBase"]
[SourceDate "2024.05.31"]
[SourceVersion "1"]
[SourceVersionDate "2024.05.31"]
[SourceQuality "1"]

1. e4 c6 2. d4 d5 3. Nd2 dxe4 4. Nxe4 Bf5 5. Ng3 Bg6 6. Nh3 e6 7. Nf4 Bd6 8. h4 Qc7 9. Nxg6 hxg6 10. Ne4 Bf4 11. Qf3 Bxc1 12. Rxc1 Nd7 13. g3 Ngf6 14. Bc4 Nxe4 15. Qxe4 Nf6 16. Qe5 0-0-0 17. Qxc7+ Kxc7 18. c3 g5 19. Ke2 gxh4 20. gxh4 Rh5 21. Rcg1 g6 22. Rg5 Rdh8 23. Rxh5 Rxh5 24. f4 Ne4 25. Rh3 Nd6 26. Bd3 Nf5 1/2-1/2

[Event "British Rapidplay"]
[Site "Peterborough"]
[Date "2024.03.03"]
[Round "8"]
[White "Lalic, Susan"]
[Black "Kaushik, Madhav"]
[Result "1-0"]
[WhiteElo "2237"]
[BlackElo "1756"]
[PlyCount "181"]
[EventDate "2024.03.02"]
[EventType "swiss (rapid)"]
[EventRounds "11"]
[EventCountry "ENG"]
[SourceTitle "CBM 219 Extra"]
[Source "ChessBase"]
[SourceDate "2024.05.31"]
[SourceVersion "1"]
[SourceVersionDate "2024.05.31"]
[SourceQuality "1"]

1. e4 c5 2. Nf3 d6 3. Bb5+ Nd7 4. Ba4 Ngf6 5. 0-0 a6 6. c4 Nxe4 7. Re1 Nef6 8. d4 cxd4 9. Nxd4 g6 10. Bf4 e5 11. c5 Be7 12. cxd6 Bxd6 13. Bxe5 Bxe5 14. Rxe5+ Kf8 15. Re1 Nc5 16. Bc2 Kg7 17. Nc3 Ne6 18. Nxe6+ Bxe6 19. Qf3 Bg4 20. Qf4 Re8 21. Bb3 Qa5 22. h3 Be6 23. Bxe6 Rxe6 24. Rxe6 fxe6 25. Re1 Re8 26. Qe5 Qxe5 27. Rxe5 Kf7 28. Kf1 Rd8 29. Ke2 Nd5 30. Nxd5 Rxd5 31. Re3 Rb5 32. b3 Rc5 33. Kd2 Rd5+ 34. Kc3 b5 35. Kb4 Rd2 36. Rf3+ Ke7 37. a4 Rd4+ 38. Ka5 bxa4 39. bxa4 e5 40. g4 h6 41. Ra3 Rd2 42. f3 Rd6 43. Kb4 Rf6 44. Kc5 Kd7 45. Kd5 Re6 46. Rb3 Rd6+ 47. Kxe5 Rc6 48. Rb7+ Ke8 49. Rg7 Kf8 50. Ra7 Kg8 51. h4 Kf8 52. f4 Kg8 53. h5 gxh5 54. gxh5 Rc5+ 55. Kf6 Rc6+ 56. Kf5 Rc5+ 57. Kg4 Ra5 58. Rb7 Rxa4 59. Kf5 Rc4 60. Rb6 Kg7 61. Rxa6 Rc5+ 62. Kg4 Rc7 63. Rg6+ Kh7 64. Re6 Kg7 65. Kf5 Rc5+ 66. Re5 Rc7 67. Rd5 Rf7+ 68. Ke5 Re7+ 69. Kf5 Rf7+ 70. Kg4 Ra7 71. Kf3 Kf6 72. Ke4 Ra4+ 73. Rd4 Ra6 74. Kf3 Ra3+ 75. Kg4 Ra6 76. Rd7 Ke6 77. Rg7 Ra1 78. Rg6+ Kf7 79. Rxh6 Ra5 80. Rb6 Kg7 81. Re6 Ra1 82. Kg5 Rg1+ 83. Kf5 Rh1 84. h6+ Kf7 85. Ra6 Rh5+ 86. Kg4 Rh1 87. Kg5 Rg1+ 88. Kf5 Rh1 89. Ra7+ Kf8 90. Kg6 Rg1+ 91. Kf6 1-0

[Event "EU-chT Seniors 50"]
[Site "Swidnica"]
[Date "2023.07.17"]
[Round "6.5"]
[White "Hill, Jonathan S"]
[Black "Lalic, Susan"]
[Result "0-1"]
[WhiteElo "2001"]
[BlackElo "2258"]
[PlyCount "146"]
[EventDate "2023.07.12"]
[EventType "team-tourn"]
[EventRounds "9"]
[EventCountry "POL"]
[SourceTitle "CBM 215 Extra"]
[Source "ChessBase"]
[SourceDate "2023.09.30"]
[SourceVersion "1"]
[SourceVersionDate "2023.09.30"]
[SourceQuality "1"]
[WhiteTeam "England 50 III"]
[BlackTeam "England 50 (W)"]
[WhiteTeamCountry "ENG"]
[BlackTeamCountry "ENG"]

1. d4 d5 2. Nc3 Nf6 3. Bf4 a6 4. e3 b5 5. a3 Bb7 6. Nf3 e6 7. Be2 Nbd7 8. 0-0 Be7 9. Ne5 Nxe5 10. Bxe5 0-0 11. Bg3 c5 12. Bf3 Ne4 13. Bxe4 dxe4 14. dxc5 Bxc5 15. Qxd8 Rfxd8 16. Rfd1 Bb6 17. Rxd8+ Rxd8 18. Rd1 Rxd1+ 19. Nxd1 f6 20. Bd6 Kf7 21. Nc3 Bc6 22. Kf1 e5 23. b3 Ke6 24. Bf8 g6 25. Ke2 f5 26. g3 g5 27. Na2 Be8 28. c4 bxc4 29. bxc4 Ba4 30. Nb4 Bb3 31. c5 Bc4+ 32. Kd2 Bc7 33. Kc3 Be2 34. Kd2 Bb5 35. Kc3 a5 36. Na2 f4 37. Kd2 Kf7 38. Nc3 Bc6 39. Bh6 Kg6 40. Bf8 Kf7 41. Bh6 fxg3 42. fxg3 Bd8 43. Nd1 Be7 44. Nf2 Kg6 45. Ng4 Kf5 46. h3 Bxc5 47. Bg7 Bd6 48. Bh8 h5 49. Nf6 g4 50. hxg4+ hxg4 51. Ng8 Bxa3 52. Bf6 Bb4+ 53. Kc1 Bb7 54. Bd8 a4 55. Be7 Bxe7 56. Nxe7+ Ke6 57. Ng8 Bc8 58. Kb2 Kf7 59. Nh6+ Kg7 60. Ka3 Kxh6 61. Kxa4 Kg5 62. Kb5 Kf6 63. Kc6 Ke6 64. Kc5 Bd7 65. Kc4 Kd6 66. Kb4 Be6 67. Kb5 Kd5 68. Kb4 Bd7 69. Kc3 Kc5 70. Kb3 Bb5 71. Kc3 Bc4 72. Kc2 Kb4 73. Kb2 Bb3 0-1

[Event "BCF-chT1b 1213 (4NCL)"]
[Site "England"]
[Date "2012.11.04"]
[Round "2.158"]
[White "Bhatia, Kanwal K"]
[Black "Lalic, Susan"]
[Result "0-1"]
[WhiteElo "2057"]
[BlackElo "2257"]
[PlyCount "96"]
[EventDate "2012.11.03"]
[EventType "team-tourn"]
[EventRounds "7"]
[EventCountry "ENG"]
[SourceTitle "EXT 2013"]
[Source "ChessBase"]
[SourceDate "2012.11.22"]
[SourceVersion "1"]
[SourceVersionDate "2012.11.22"]
[SourceQuality "1"]
[WhiteTeam "Barbican II"]
[BlackTeam "Guildford"]
[WhiteTeamCountry "ENG"]
[BlackTeamCountry "ENG"]

1. e4 c5 2. Nf3 g6 3. c3 Bg7 4. d4 cxd4 5. cxd4 d5 6. e5 Bg4 7. Nc3 Nc6 8. Be3 Nh6 9. h3 Bxf3 10. Qxf3 Nf5 11. Bb5 0-0 12. Bxc6 bxc6 13. g4 Nxe3 14. Qxe3 c5 15. 0-0 cxd4 16. Qxd4 e6 17. f4 f6 18. Rae1 fxe5 19. fxe5 Rxf1+ 20. Rxf1 Qb6 21. Qxb6 axb6 22. Re1 d4 23. Nb5 d3 24. Nc7 Rc8 25. Nb5 Bxe5 26. Rd1 Rd8 27. b3 Bf6 28. Kf2 Kf7 29. Ke3 d2 30. Ke2 Bg5 31. Nc3 Rd4 32. Rf1+ Ke7 33. Rf3 d1Q+ 34. Nxd1 Rd2+ 35. Ke1 Rxa2 36. Ne3 Bxe3 37. Rxe3 Rh2 38. Rd3 e5 39. Rc3 Kd6 40. Rd3+ Ke6 41. Rf3 e4 42. Rc3 Kd5 43. Kd1 Kd4 44. Rc6 b5 45. b4 Rxh3 46. Rc5 Kd3 47. Rd5+ Kc4 48. Re5 e3 0-1

[Event "London Classic (Women)"]
[Site "London"]
[Date "2011.12.10"]
[Round "8"]
[White "Daulyte Cornette, Deimante"]
[Black "Lalic, Susan"]
[Result "1/2-1/2"]
[WhiteElo "2238"]
[BlackElo "2279"]
[PlyCount "63"]
[EventDate "2011.12.03"]
[EventType "tourn"]
[EventRounds "9"]
[EventCountry "ENG"]
[SourceTitle "CBM 145 Extra"]
[Source "ChessBase"]
[SourceDate "2012.01.03"]
[SourceVersion "1"]
[SourceVersionDate "2012.01.03"]
[SourceQuality "1"]

1. e4 e6 2. d4 d5 3. Nd2 c5 4. exd5 Qxd5 5. dxc5 Qxc5 6. Ngf3 Nf6 7. Bd3 Be7 8. 0-0 0-0 9. Qe2 Nbd7 10. Ne4 Nxe4 11. Qxe4 Qh5 12. Bg5 Bxg5 13. Nxg5 Nf6 14. Qf4 Bd7 15. c4 Bc6 16. Rae1 Rad8 17. Re3 h6 18. Ne4 Nxe4 19. Bxe4 Bxe4 20. Qxe4 Rd7 21. Rb3 Rd1 22. Rd3 Rxd3 23. Qxd3 Qa5 24. Qb3 b6 25. Rd1 Rc8 26. h3 Qc5 27. Qc2 b5 28. b3 bxc4 29. bxc4 g6 30. Qc3 e5 31. Rd7 a5 32. Rd1 1/2-1/2

[Event "London Classic (Women)"]
[Site "London"]
[Date "2011.12.09"]
[Round "7"]
[White "Lalic, Susan"]
[Black "Ciuksyte, Dagne"]
[Result "0-1"]
[WhiteElo "2279"]
[BlackElo "2327"]
[PlyCount "80"]
[EventDate "2011.12.03"]
[EventType "tourn"]
[EventRounds "9"]
[EventCountry "ENG"]
[SourceTitle "CBM 145 Extra"]
[Source "ChessBase"]
[SourceDate "2012.01.03"]
[SourceVersion "1"]
[SourceVersionDate "2012.01.03"]
[SourceQuality "1"]

1. e4 c5 2. Nc3 e6 3. g3 Nc6 4. Bg2 g6 5. d3 Bg7 6. Nge2 Nge7 7. Bg5 h6 8. Be3 Nd4 9. Qd2 0-0 10. 0-0 Kh7 11. Rab1 d6 12. b4 Rb8 13. bxc5 dxc5 14. Nb5 Nec6 15. c3 Nxe2+ 16. Qxe2 Qe7 17. Rfd1 a6 18. Na3 Bxc3 19. e5 Bd7 20. Be4 Bxe5 21. Bxc6 Bxc6 22. Bxh6 Bxg3 23. hxg3 Kxh6 24. d4 Qf6 25. Nc4 Qf3 26. Qxf3 Bxf3 27. Rd2 Kg7 28. Ne5 Bd5 29. dxc5 Rh8 30. Rxd5 exd5 31. Nd7 Rbe8 32. Rxb7 Re1+ 33. Kg2 d4 34. c6 d3 35. Rb2 Rd1 36. Kf3 Re8 37. Nb6 Rc1 38. Nd5 Rxc6 39. Rd2 Rd6 40. Rxd3 Re5 0-1

[Event "London Classic (Women)"]
[Site "London"]
[Date "2011.12.06"]
[Round "4"]
[White "Grigoryan, Meri"]
[Black "Lalic, Susan"]
[Result "1/2-1/2"]
[WhiteElo "2026"]
[BlackElo "2279"]
[PlyCount "64"]
[EventDate "2011.12.03"]
[EventType "tourn"]
[EventRounds "9"]
[EventCountry "ENG"]
[SourceTitle "CBM 145 Extra"]
[Source "ChessBase"]
[SourceDate "2012.01.03"]
[SourceVersion "1"]
[SourceVersionDate "2012.01.03"]
[SourceQuality "1"]

1. Nf3 e6 2. c4 Nf6 3. g3 d5 4. cxd5 exd5 5. Bg2 Bd6 6. 0-0 0-0 7. d4 c6 8. Nc3 Re8 9. Qb3 Qb6 10. Qd1 Bg4 11. Na4 Qc7 12. Be3 Nbd7 13. Rc1 Ne4 14. Nc3 Nxc3 15. Rxc3 Nf6 16. Nd2 Qd7 17. Re1 Bh3 18. Bg5 Bxg2 19. Kxg2 Re6 20. Rf3 Ne4 21. Nxe4 dxe4 22. Rb3 Rg6 23. Bc1 a5 24. a4 Bb4 25. Bd2 c5 26. Bxb4 cxb4 27. Re3 Re6 28. d5 Re5 29. Qd4 Rae8 30. d6 R5e6 31. Rd1 f5 32. Qd5 g6 1/2-1/2

[Event "London Classic (Women)"]
[Site "London"]
[Date "2011.12.03"]
[Round "1"]
[White "Lauterbach, Ingrid"]
[Black "Lalic, Susan"]
[Result "1/2-1/2"]
[WhiteElo "2075"]
[BlackElo "2279"]
[PlyCount "65"]
[EventDate "2011.12.03"]
[EventType "tourn"]
[EventRounds "9"]
[EventCountry "ENG"]
[SourceTitle "CBM 145 Extra"]
[Source "ChessBase"]
[SourceDate "2012.01.03"]
[SourceVersion "1"]
[SourceVersionDate "2012.01.03"]
[SourceQuality "1"]

1. e4 c6 2. d3 d5 3. Nd2 g6 4. Ngf3 Bg7 5. g3 e5 6. Bg2 Ne7 7. 0-0 0-0 8. c3 Nd7 9. d4 exd4 10. Nxd4 Nc5 11. exd5 Nxd5 12. N2b3 Nxb3 13. axb3 Re8 14. b4 Nxb4 15. Qb3 Nd5 16. Rd1 Bg4 17. f3 Bc8 18. c4 Qb6 19. Qxb6 Nxb6 20. Bf1 a6 21. Kf2 Nd7 22. b4 c5 23. bxc5 Nxc5 24. Rb1 Ne6 25. Nxe6 fxe6 26. c5 Be5 27. Bg5 Kf7 28. Bd8 Bf6 29. Bc7 Re7 30. Bd8 Re8 31. Bc7 Re7 32. Bd8 Re8 33. Bc7 1/2-1/2

[Event "GBR-ch 98th"]
[Site "Sheffield"]
[Date "2011.08.02"]
[Round "8"]
[White "Foo, William"]
[Black "Lalic, Susan"]
[Result "0-1"]
[WhiteElo "1893"]
[BlackElo "2277"]
[PlyCount "140"]
[EventDate "2011.07.24"]
[EventType "swiss"]
[EventRounds "11"]
[EventCountry "ENG"]
[SourceTitle "CBM 143 Extra"]
[Source "ChessBase"]
[SourceDate "2011.08.29"]
[SourceVersion "1"]
[SourceVersionDate "2011.08.29"]
[SourceQuality "1"]

1. d4 Nf6 2. c4 e6 3. g3 Bb4+ 4. Bd2 Bxd2+ 5. Nxd2 d6 6. Ngf3 Qe7 7. Bg2 0-0 8. 0-0 e5 9. Qc2 a5 10. h3 c6 11. e3 e4 12. Nh2 Re8 13. Rae1 d5 14. f3 Bf5 15. cxd5 cxd5 16. fxe4 Bxe4 17. Nxe4 Nxe4 18. Bxe4 dxe4 19. Rf5 Nc6 20. Ref1 f6 21. a3 Rac8 22. Rc5 Qd7 23. Ng4 Nxd4 24. Qc4+ Ne6 25. Rxc8 Rxc8 26. Qxe4 Ng5 27. Qg2 h5 28. Nf2 Rc2 29. h4 Nf7 30. Qf3 Qb5 31. Qe4 Qc6 32. Qxc6 bxc6 33. b4 axb4 34. axb4 Re2 35. Nd1 Ne5 36. Rf2 Re1+ 37. Rf1 Rxf1+ 38. Kxf1 Nd3 39. b5 cxb5 40. Ke2 Nc5 41. Nf2 Kf7 42. g4 hxg4 43. Nxg4 Kg6 44. Nh2 Kh5 45. Nf3 Kg4 46. Nd4 b4 47. Kd2 g6 48. Nc6 b3 49. Ne7 Ne4+ 50. Kc1 Kh5 51. Kb2 Nd2 52. Kc3 b2 53. Kxb2 Nc4+ 54. Kc3 Nxe3 55. Kd3 Ng2 56. Ke4 Nxh4 57. Kf4 g5+ 58. Kg3 f5 59. Nd5 Kg6 60. Kh3 Nf3 61. Kg3 Nd4 62. Nc3 f4+ 63. Kg4 Nc6 64. Nd5 Ne5+ 65. Kh3 Kf5 66. Nc3 g4+ 67. Kg2 Nc4 68. Kf2 g3+ 69. Kg2 Kg4 70. Nd1 Ne3+ 0-1

[Event "GBR-ch 98th"]
[Site "Sheffield"]
[Date "2011.08.01"]
[Round "7"]
[White "Lalic, Susan"]
[Black "Longson, Sarah N"]
[Result "1-0"]
[WhiteElo "2277"]
[BlackElo "2065"]
[PlyCount "93"]
[EventDate "2011.07.24"]
[EventType "swiss"]
[EventRounds "11"]
[EventCountry "ENG"]
[SourceTitle "CBM 143 Extra"]
[Source "ChessBase"]
[SourceDate "2011.08.29"]
[SourceVersion "1"]
[SourceVersionDate "2011.08.29"]
[SourceQuality "1"]

1. e4 Nf6 2. e5 Nd5 3. d4 d6 4. c4 Nb6 5. exd6 cxd6 6. Nc3 Nc6 7. h3 g6 8. Nf3 Bg7 9. Be2 0-0 10. 0-0 Bf5 11. Be3 d5 12. c5 Nc4 13. Bc1 Nb4 14. b3 Na5 15. Bf4 Nac6 16. Rc1 Re8 17. a3 Na6 18. b4 Nc7 19. Bxc7 Qxc7 20. b5 Nd8 21. Nxd5 Qd7 22. Ne3 Be4 23. Ne5 Qc7 24. Bf3 Bxf3 25. Qxf3 Bxe5 26. dxe5 Qxe5 27. Rfe1 Qb2 28. a4 Rc8 29. Rc4 a6 30. bxa6 bxa6 31. c6 Ne6 32. Ng4 Kg7 33. Ne5 Rf8 34. Qe3 Rc7 35. h4 h5 36. Qe4 Qd2 37. Re2 Qd1+ 38. Kh2 Qd6 39. g3 Nd8 40. Rd4 Qe6 41. Rd7 Rxd7 42. Nxd7 Qxe4 43. Rxe4 Nxc6 44. Nxf8 Kxf8 45. Rc4 Ne5 46. Rc8+ Kg7 47. Ra8 1-0

[Event "GBR-ch 98th"]
[Site "Sheffield"]
[Date "2011.07.27"]
[Round "3"]
[White "Gordon, Stephen J"]
[Black "Lalic, Susan"]
[Result "1-0"]
[WhiteElo "2533"]
[BlackElo "2277"]
[PlyCount "55"]
[EventDate "2011.07.24"]
[EventType "swiss"]
[EventRounds "11"]
[EventCountry "ENG"]
[SourceTitle "CBM 143 Extra"]
[Source "ChessBase"]
[SourceDate "2011.08.29"]
[SourceVersion "1"]
[SourceVersionDate "2011.08.29"]
[SourceQuality "1"]

1. Nf3 Nf6 2. c4 e6 3. g3 c5 4. Bg2 Nc6 5. 0-0 d5 6. cxd5 exd5 7. d4 Be7 8. Nc3 0-0 9. dxc5 Bxc5 10. Na4 Be7 11. Be3 Ne4 12. Rc1 Re8 13. Nd4 Bd7 14. Nc3 Nxd4 15. Bxd4 Bc6 16. e3 a6 17. Qg4 Bf8 18. Rfd1 Qe7 19. Ne2 Rad8 20. Nf4 g6 21. h4 h5 22. Nxh5 Bd7 23. Qxe4 dxe4 24. Nf6+ Kg7 25. Nd5+ Qe5 26. Bxe5+ Rxe5 27. Nb6 Re7 28. Rd4 1-0

[Event "London Classic (Women)"]
[Site "London"]
[Date "2010.12.12"]
[Round "5"]
[White "Van Weersel, Arlette"]
[Black "Lalic, Susan"]
[Result "1/2-1/2"]
[WhiteElo "2186"]
[BlackElo "2294"]
[PlyCount "90"]
[EventDate "2010.12.06"]
[EventType "tourn"]
[EventRounds "9"]
[EventCountry "ENG"]
[SourceTitle "CBM 139 Extra"]
[Source "ChessBase"]
[SourceDate "2011.01.05"]
[SourceVersion "1"]
[SourceVersionDate "2011.01.05"]
[SourceQuality "1"]

1. e4 c6 2. d4 d5 3. Nd2 dxe4 4. Nxe4 Bf5 5. Ng3 Bg6 6. h4 h6 7. Nf3 Nd7 8. h5 Bh7 9. Bd3 Bxd3 10. Qxd3 e6 11. Bd2 Ngf6 12. Ne4 Be7 13. 0-0-0 Nxe4 14. Qxe4 Nf6 15. Qe2 Qd5 16. c4 Qe4 17. Qxe4 Nxe4 18. Be3 Nd6 19. Ne5 Bf6 20. b3 Nf5 21. Ng4 Nxe3 22. fxe3 Bg5 23. Kc2 f5 24. Ne5 0-0 25. Rd3 Rad8 26. Re1 Bf6 27. Nf3 g6 28. hxg6 Kg7 29. e4 Kxg6 30. b4 Rg8 31. Kb3 Kf7 32. exf5 exf5 33. Re2 Rg4 34. d5 Re4 35. Rf2 b5 36. cxb5 Rxd5 37. Rxd5 cxd5 38. Nd2 Re3+ 39. Ka4 Ke6 40. Nb3 d4 41. Nc5+ Ke5 42. Nd7+ Ke6 43. Nc5+ Ke5 44. Nd7+ Ke6 45. Nc5+ Ke7 1/2-1/2